[Event "Charleroi op"]
[Site "Charleroi"]
[Date "2015.08.03"]
[Round "4"]
[White "Oganian, Miran"]
[Black "Marchal, Patrice"]
[Result "1-0"]
[WhiteElo "2380"]
[BlackElo "1795"]
[PlyCount "48"]
[EventDate "2015.08.01"]
[EventType "swiss"]
[EventRounds "9"]
[EventCountry "BEL"]
[SourceTitle "CBM 167 Extra"]
[Source "ChessBase"]
[SourceDate "2015.09.14"]
[SourceVersion "1"]
[SourceVersionDate "2015.09.14"]
[SourceQuality "1"]

1. d4 d5 2. c4 e6 3. Nf3 Nf6 4. g3 Bb4+ 5. Bd2 Bxd2+ 6. Nbxd2 c6 7. Bg2 Nbd7 8. 0-0 0-0 9. Qc2 Qe7 10. e4 dxe4 11. Nxe4 Nxe4 12. Qxe4 Re8 13. Rad1 Nf6 14. Qc2 a5 15. Ne5 Nd7 16. c5 f6 17. Nc4 e5 18. Rfe1 Kh8 19. Nd6 Rf8 20. dxe5 fxe5 21. Bh3 Nb6 22. Nxc8 Nxc8 23. Rd7 Qf6 24. Rxb7 Ra7 1-0

[Event "Charleroi op"]
[Site "Charleroi"]
[Date "2010.08.01"]
[Round "2"]
[White "Houriez, Clement"]
[Black "Marchal, Patrice"]
[Result "1-0"]
[WhiteElo "2259"]
[BlackElo "1916"]
[PlyCount "67"]
[EventDate "2010.07.31"]
[EventType "swiss"]
[EventRounds "9"]
[EventCountry "BEL"]
[SourceTitle "CBM 137 Extra"]
[Source "ChessBase"]
[SourceDate "2010.09.01"]
[SourceVersion "1"]
[SourceVersionDate "2010.09.01"]
[SourceQuality "1"]

1. d4 d5 2. c4 e6 3. Nf3 c6 4. Qc2 f5 5. g3 Nf6 6. Bg2 Bd6 7. 0-0 0-0 8. Bf4 Qc7 9. Bxd6 Qxd6 10. Ne5 Nbd7 11. Nd3 Kh8 12. Nd2 Qe7 13. b4 dxc4 14. Nxc4 Nb6 15. Na5 Nbd5 16. a3 Rb8 17. Qc5 Nd7 18. Qxe7 Nxe7 19. Rfc1 Ng6 20. f4 Rd8 21. e3 Ne7 22. a4 a6 23. b5 axb5 24. axb5 cxb5 25. Rab1 b6 26. Nc6 Nxc6 27. Rxc6 Re8 28. Rd6 Nf8 29. Bc6 Re7 30. Rd8 Kg8 31. Ne5 Rc7 32. d5 g6 33. d6 Rxc6 34. Nxc6 1-0